| 000 | 01396nam a2200229 a 4500 | ||
|---|---|---|---|
| 008 | 190823s2005 ||||||||||||||||| || u | ||
| 020 | _a9781405120326 | ||
| 050 | _aTL 671.6 Cut | ||
| 100 | _aCutler, John | ||
| 245 | 1 | 0 |
_aUnderstanding aircraft structures. (4th edition) _cBy John Cutler ; Fourth edition revised by Jeremy Liber |
| 250 | _a4th edition | ||
| 260 |
_aOxford _bBlackwell Publishing _c2005 |
||
| 300 | _avii, 213 pages : illustrations | ||
| 650 | 0 | _aAIRPLANES--DESIGN AND CONSTRUCTION | |
| 650 | _aAIRFRAMES | ||
| 700 | _aLiber, Jeremy | ||
| 995 |
_aMAIN LIBRARY OPEN ACCESS _D63.08 _e749792 _FCBU-MAIN LIBRARY (Kitwe) _jTL 671.6 Cut _M2 _UAVAILABLE _WAug 23, 2019 _y749792 _ZMain Library Open Access Collection |
||
| 995 |
_aMAIN LIBRARY OPEN ACCESS _D63.08 _e749791 _FCBU-MAIN LIBRARY (Kitwe) _jTL 671.6 Cut _M1 _UAVAILABLE _WAug 23, 2019 _y749791 _ZMain Library Open Access Collection |
||
| 995 |
_aMAIN LIBRARY OPEN ACCESS _D63.08 _e749793 _FCBU-MAIN LIBRARY (Kitwe) _jTL 671.6 Cut _M4 _UAVAILABLE _WAug 23, 2019 _y749793 _ZMain Library Open Access Collection |
||
| 995 |
_aMAIN LIBRARY OPEN ACCESS _D63.08 _e749794 _FCBU-MAIN LIBRARY (Kitwe) _jTL 671.6 Cut _M3 _UAVAILABLE _WAug 23, 2019 _y749794 _ZMain Library Open Access Collection |
||
| 995 |
_aMAIN LIBRARY OPEN ACCESS _D63.08 _e749795 _FCBU-MAIN LIBRARY (Kitwe) _jTL 671.6 Cut _M5 _UAVAILABLE _WAug 23, 2019 _y749795 _ZMain Library Open Access Collection |
||
| 999 |
_c78442 _d78442 |
||